000 00286nam a2200109Ia 4500
005 20251222114406.0
008 251222s1900||||xx |||||||||||||| ||spa||
082 _aDVD0111/T33/2001/Ej.2
245 0 _aMonstruos INC
264 _bWalt Disney Pictures | Pixar Animation Studios
942 _cDVD
999 _c1826
_d1826